Statistics for Capital Cities: Equidistant from Everest and Kilimanjaro

Click here to take the quiz!

General Stats

  • This quiz has been taken 35 times
  • The average score is 14 of 20

Answer Stats

Rank Distance from Everest Distance from Kilimanjaro Difference Capital City % Correct
16 5,089 4,782 307Ankara
80%
5 6,498 6,559 61Berlin
77%
18 5,983 6,319 336Warsaw
74%
7 6,458 6,287 171Prague
74%
10 5,626 5,380 246Bucharest
74%
12 6,150 5,881 269Budapest
71%
19 11,688 12,039 351Ottawa
71%
6 12,415 12,324 91Washington
71%
2 3,792 3,765 27Kuwait City
71%
1 4,090 4,098 8Baghdad
69%
13 6,287 6,006 281Bratislava
69%
11 14,717 14,968 251Mexico City
69%
20 6,521 6,894 373Copenhagen
69%
14 3,267 3,560 293Abu Dhabi
66%
9 7,072 6,860 212Amsterdam
63%
15 6,340 6,036 304Vienna
63%
3 3,525 3,490 35Doha
63%
8 5,409 5,610 201Chisinau
60%
4 3,596 3,540 56Manama
54%
17 7,763 7,450 313Dublin
43%

Score Distribution

Percentile by Number Answered

Percent of People with Each Score

Your Score History

You have not taken this quiz